[Event "RUS-ch Women Rapid 2019"]
[Site "Sochi"]
[Date "2019.10.16"]
[Round "7.11"]
[White "Chan, Naruna"]
[Black "Chernyak, Viktoria"]
[Result "0-1"]
[WhiteElo "1890"]
[BlackElo "2284"]
[Annotator "NA RC"]
[PlyCount "88"]
[EventDate "2019.10.15"]
[EventType "swiss"]
[EventCountry "RUS"]
[SourceTitle "playchess.com"]
[Source "ChessBase"]
[SourceQuality "1"]
[TimeControl "900+10"]

1. e4 {[%emt 0:00:00]} c6 {[%emt 0:00:00]} 2. d4 {[%emt 0:00:00]} d5 {[%emt 0:00:00]} 3. e5 {[%emt 0:00:00]} Bf5 {[%emt 0:00:00]} 4. h4 {[%emt 0:00:00]} h5 {[%emt 0:00:00]} 5. Bd3 {[%emt 0:00:00]} Bxd3 {[%emt 0:00:03]} 6. Qxd3 {[%emt 0:00:00]} e6 {[%emt 0:00:05]} 7. Nf3 {[%emt 0:00:06]} Ne7 {[%emt 0:00:54]} 8. Bg5 {[%emt 0:02:31]} Qb6 {[%emt 0:00:02]} 9. b3 {[%emt 0:00:18]} Nf5 {[%emt 0:00:05]} 10. O-O {[%emt 0:00:08]} c5 {[%emt 0:01:19]} 11. c4 {[%emt 0:00:38]} dxc4 {[%emt 0:00:07]} 12. Qxc4 {[%emt 0:00:07]} Qc6 {[%emt 0:03:29]} 13. Nc3 {[%emt 0:08:59]} cxd4 {[%emt 0:00:55]} 14. Nb5 {[%emt 0:00:17]} Qxc4 {[%emt 0:00:56]} 15. bxc4 {[%emt 0:00:02]} Na6 {[%emt 0:00:06]} 16. Nfxd4 {[%emt 0:01:08]} Nxd4 {[%emt 0:00:02]} 17. Nxd4 {[%emt 0:00:01]} Bc5 {[%emt 0:00:42]} 18. Rfd1 {[%emt 0:00:35]} O-O {[%emt 0:00:06]} 19. Nb3 {[%emt 0:01:38]} Ba3 {[%emt 0:01:10]} 20. Rab1 {[%emt 0:00:18]} Rfc8 {[%emt 0:01:04]} 21. Rd7 {[%emt 0:00:17]} b6 {[%emt 0:00:44]} 22. Rd4 {[%emt 0:00:51]} Nb4 {[%emt 0:02:56]} 23. g4 {[%emt 0:00:25]} Nc6 {[%emt 0:00:55]} 24. Re4 {[%emt 0:00:03]} hxg4 {[%emt 0:00:03]} 25. Rbe1 {[%emt 0:00:25]} g3 {[%emt 0:00:55]} 26. fxg3 {[%emt 0:00:03]} Rc7 {[%emt 0:00:13]} 27. h5 {[%emt 0:00:22]} Bf8 {[%emt 0:00:36]} 28. Rd1 {[%emt 0:00:08]} Rac8 {[%emt 0:00:05]} 29. Kg2 {[%emt 0:00:11]} Nb4 {[%emt 0:00:07]} 30. Rdd4 {[%emt 0:00:15]} Nxa2 {[%emt 0:00:05]} 31. Rg4 {[%emt 0:00:09]} Kh7 {[%emt 0:00:17]} 32. Rgf4 {[%emt 0:00:05]} Nb4 {[%emt 0:00:13]} 33. Nd2 {[%emt 0:00:10]} Nc2 {[%emt 0:00:23]} 34. Rde4 {[%emt 0:00:13]} a5 {[%emt 0:00:26]} 35. Re2 {[%emt 0:00:02]} Nb4 {[%emt 0:00:22]} 36. Ref2 {[%emt 0:00:04]} Nd3 {[%emt 0:00:04]} 37. Rxf7 {[%emt 0:00:15]} Nxf2 {[%emt 0:00:03]} 38. Rxf2 {[%emt 0:00:02]} a4 {[%emt 0:00:05]} 39. Rf1 {[%emt 0:00:18]} a3 {[%emt 0:00:03]} 40. Ra1 {[%emt 0:00:09]} Rd7 {[%emt 0:00:06]} 41. Ra2 {[%emt 0:00:17]} Rd3 {[%emt 0:00:08]} 42. Nb1 {[%emt 0:00:18]} Rxc4 {[%emt 0:00:05]} 43. Nd2 {[%emt 0:00:10]} Ra4 {[%emt 0:00:19]} 44. Kf2 {[%emt 0:00:07]} Bc5+ {[%emt 0:00:03]} 0-1

[Event "RUS-ch Women Rapid 2019"]
[Site "Sochi"]
[Date "2019.10.16"]
[Round "7.12"]
[White "Klyasheva, Tatiana"]
[Black "Illina, Natalia"]
[Result "0-1"]
[WhiteElo "2049"]
[BlackElo "2081"]
[Annotator "NA"]
[PlyCount "80"]
[EventDate "2019.10.15"]
[EventType "swiss"]
[EventCountry "RUS"]
[SourceTitle "playchess.com"]
[Source "ChessBase"]
[SourceQuality "1"]
[TimeControl "900+10"]

1. Nc3 {[%emt 0:00:00]} d5 {[%emt 0:00:01]} 2. e4 {[%emt 0:00:00]} d4 {[%emt 0:00:08]} 3. Nce2 {[%emt 0:00:00]} c5 {[%emt 0:00:07]} 4. Ng3 {[%emt 0:00:00]} Nc6 {[%emt 0:00:23]} 5. Nf3 {[%emt 0:00:19]} g6 {[%emt 0:00:07]} 6. Bc4 {[%emt 0:00:04]} Bg7 {[%emt 0:00:17]} 7. d3 {[%emt 0:00:04]} e5 {[%emt 0:01:05]} 8. O-O {[%emt 0:01:50]} h6 {[%emt 0:00:57]} 9. a4 {[%emt 0:00:20]} Nge7 {[%emt 0:00:00]} 10. Ne1 {[%emt 0:00:27]} O-O {[%emt 0:01:59]} 11. f4 {[%emt 0:00:11]} exf4 {[%emt 0:00:04]} 12. Bxf4 {[%emt 0:00:08]} Ne5 {[%emt 0:00:14]} 13. b3 {[%emt 0:01:31]} Nxc4 {[%emt 0:01:35]} 14. bxc4 {[%emt 0:00:01]} Nc6 {[%emt 0:00:34]} 15. Nf3 {[%emt 0:01:34]} Qe7 {[%emt 0:01:35]} 16. Rb1 {[%emt 0:00:16]} b6 {[%emt 0:00:17]} 17. h3 {[%emt 0:01:14]} Bd7 {[%emt 0:00:01]} 18. Ne2 {[%emt 0:02:07]} Nb4 {[%emt 0:00:11]} 19. Ra1 {[%emt 0:01:45]} a5 {[%emt 0:00:01]} 20. Bd2 {[%emt 0:00:53]} Qe8 {[%emt 0:00:47]} 21. c3 {[%emt 0:02:09]} Nxd3 {[%emt 0:00:02]} 22. cxd4 {[%emt 0:00:03]} cxd4 {[%emt 0:02:07]} 23. Bxh6 {[%emt 0:01:22]} Bxh6 {[%emt 0:01:17]} 24. Qxd3 {[%emt 0:00:01]} Bxa4 {[%emt 0:00:58]} 25. Nexd4 {[%emt 0:01:18]} Rd8 {[%emt 0:00:21]} 26. e5 {[%emt 0:00:47]} Bg7 {[%emt 0:00:19]} 27. Rfe1 {[%emt 0:00:21]} Bc6 {[%emt 0:00:18]} 28. Rad1 {[%emt 0:00:20]} Bxf3 {[%emt 0:00:49]} 29. Qxf3 {[%emt 0:00:15]} Qa4 {[%emt 0:01:16]} 30. Qc6 {[%emt 0:00:18]} Qb4 {[%emt 0:00:40]} 31. Qb5 {[%emt 0:00:13]} Qc3 {[%emt 0:00:45]} 32. Nc6 {[%emt 0:00:08]} Rxd1 {[%emt 0:00:32]} 33. Rxd1 {[%emt 0:00:01]} Qe3+ {[%emt 0:00:01]} 34. Kh1 {[%emt 0:00:04]} Kh7 {[%emt 0:00:24]} 35. Rd4 {[%emt 0:00:17]} Rc8 {[%emt 0:00:23]} 36. Rh4+ {[%emt 0:00:02]} Bh6 {[%emt 0:00:01]} 37. Ne7 {[%emt 0:00:17]} Qe1+ {[%emt 0:00:08]} 38. Kh2 {[%emt 0:00:04]} Qxh4 {[%emt 0:00:14]} 39. Nxc8 {[%emt 0:00:28]} Bf4+ 40. Kh1 Qe1# 0-1

[Event "RUS-ch Women Rapid 2019"]
[Site "Sochi"]
[Date "2019.10.16"]
[Round "8.1"]
[White "Bodnaruk, Anastasia"]
[Black "Voit, Daria"]
[Result "1/2-1/2"]
[WhiteElo "2449"]
[BlackElo "2361"]
[Annotator "TA"]
[PlyCount "110"]
[EventDate "2019.10.15"]
[EventType "swiss"]
[EventCountry "RUS"]
[SourceTitle "playchess.com"]
[Source "ChessBase"]
[SourceQuality "1"]

{[%evp 20,110,48,39,79,39,38,45,194,0,0,0,0,0,0,0,0,0,0,0,17,-13,-33,-24,-20,-51,0,0,36,37,25,19,86,76,479,30,18,18,110,80,141,20,27,25,29,18,37,12,43,8,305,326,392,387,315,256,245,253,234,111,202,8,8,5,8,0,0,0,0,0,0,0,0,0,0,0,0,0,0,0,0,0,0,0,0,0,0,0,0,0,0,0,0]} 1. e4 c5 2. Nf3 d6 3. d4 cxd4 4. Nxd4 Nf6 5. Nc3 g6 6. Be3 Bg7 7. Bc4 Nc6 8. f3 O-O 9. Qd2 Bd7 10. O-O-O Rb8 11. h4 Na5 {B78: Sicilian Dragon: Yugoslav Attack, 9 Bc4 Bd7 10 0-0-0 Rc8} 12. Bb3 b5 13. h5 e5 ({Don't blunder} 13... gxh5 $2 14. Bh6 $18) (13... Nc4 $1 $14 14. Bxc4 bxc4) (13... Nc4 14. Bxc4 bxc4 15. hxg6 fxg6 16. Bh6 Qb6 17. b3 Bxh6 18. Qxh6 Qa5 19. Kb2 Rfc8 20. Nd5 cxb3 21. axb3 Kf7 22. Qd2 Qxd2 23. Rxd2 {½-½ (46) Fedoseev,V (2724)-Nakamura,H (2787) Moscow 2018}) 14. Nf5 $146 ({White must play} 14. hxg6 $1 $18 b4 15. Nce2 (15. gxf7+ Kh8 $14) (15. Bxf7+ Rxf7 16. gxf7+ Kxf7 $16) 15... exd4 16. Bxf7+ Rxf7 17. gxf7+ Kxf7 18. Bxd4) ({Predecessor:} 14. hxg6 exd4 15. Bxf7+ Rxf7 16. gxf7+ Kxf7 17. Bxd4 Be6 18. Qg5 h6 19. Rxh6 Bxh6 20. Qxh6 {1-0 (31) Brzeski,M (2333)-Kanarek,M (2401) Mrzezyno 2010}) 14... Nxb3+ 15. axb3 gxf5 16. h6 Bh8 $1 17. Bxa7 {Threatening mate with Qg5+.} Re8 $1 {...Ra8 is the strong threat.} 18. Bxb8 Qxb8 19. Qxd6 Qa7 20. Nd5 Nxd5 $1 21. Qxd5 Be6 22. Qxb5 {[%cal Rb5e8]} Rb8 ({Better is} 22... Rc8 $15 23. Qd3 Qa1+ 24. Kd2 Qa5+ 25. Ke2 fxe4 26. Qxe4 Qb5+ 27. Kd2 Qa5+ 28. Ke2 Qb5+ 29. Ke1 f5) 23. Qa4 $11 Qe3+ 24. Kb1 {Hoping for Rh5.} Bf6 25. Rd6 {Threatens to win with exf5.} Qc5 (25... fxe4 $11 {keeps the balance.} 26. Qxe4 Qxe4 27. fxe4 Kf8) 26. Rhd1 Rc8 $2 {[%mdl 8192]} (26... fxe4 $16 {is more resistant.} 27. Qxe4 Qa5) 27. c3 $2 (27. b4 $18 Qc7 28. b5) 27... fxe4 28. Qxe4 Qc7 (28... Re8 $11 {remains equal.}) 29. c4 {And now f4 would win.} Qe7 {[#]} ({Black should try} 29... Re8) 30. g4 (30. g3 $1 $16) 30... Bg5 31. Qxe5 {[%csl Gh6][%cal Re5g7]} Bxh6 32. Qd4 Bg5 33. Qe4 Qf6 34. R6d4 Qe7 $2 {[%mdl 8192] [#]} (34... Bh4 $1 $11 {and Black is okay.}) 35. f4 $1 $18 {[%cal Rf4g5]} Bf6 36. f5 Bxd4 37. Qxd4 Bxc4 38. bxc4 {[%mdl 4096] Endgame KQR-KQR} Qe2 39. f6 (39. c5 $18) 39... h6 (39... h5 $16) 40. Qd3 $2 (40. Rc1 $18) 40... Qxd3+ $11 {The position is equal.} 41. Rxd3 {aiming for Rd4.} Rxc4 {KR-KR} 42. Rh3 Kh7 $1 43. g5 h5 $1 44. Rxh5+ Kg6 45. Rh2 (45. Rh1 {feels hotter.} Kxg5 46. Ka2 Kxf6 47. Rf1+ Ke6 48. Re1+) 45... Kxg5 46. Rf2 Rc6 47. Ka2 Rxf6 48. Rg2+ Kh5 49. b4 {[%cal Bb2b4,Bb4b5,Bb5b6][%mdl 32]} Rb6 50. Kb3 f5 51. Kc4 f4 52. Kc5 Rb8 53. b5 f3 54. Rf2 Kg4 55. b6 Kg3 {Accuracy: White = 47%, Black = 36%.} 1/2-1/2

[Event "RUS-ch Women Rapid 2019"]
[Site "Sochi"]
[Date "2019.10.16"]
[Round "8.2"]
[White "Ambartsumova, Karina"]
[Black "Pogonina, Natalija"]
[Result "1/2-1/2"]
[WhiteElo "2336"]
[BlackElo "2501"]
[Annotator "TA"]
[PlyCount "49"]
[EventDate "2019.10.15"]
[EventType "swiss"]
[EventCountry "RUS"]
[SourceTitle "playchess.com"]
[Source "ChessBase"]
[SourceQuality "1"]

{[%evp 21,49,20,34,0,39,0,0,0,4,15,7,0,19,8,13,4,18,17,24,0,0,0,0,0,0,0,0,0,0,0]} 1. c4 e6 2. Nc3 d5 3. d4 Nf6 4. cxd5 exd5 5. Bg5 c6 6. e3 Be7 7. Bd3 Nbd7 {[%cal Bb8d7,Bd7f8,Bf8e6][%mdl 32]} 8. h3 Nf8 9. Qc2 Ne6 10. Bh4 g6 11. Nf3 Ng7 12. O-O {D36: Queen's Gambit Declined: Exchange Variation: Main line (5 Bg5 c6 6 Qc2)} (12. O-O-O Bf5 13. g4 Bxd3 14. Qxd3 O-O 15. Bxf6 Bxf6 16. h4 Ne6 17. Kb1 Rc8 18. g5 Bg7 19. Ne5 Nc5 {1-0 (39) Lupulescu,C (2634)-Grachev,B (2687) Legnica 2013}) 12... Bf5 13. Rfe1 O-O $146 ({Predecessor:} 13... Bxd3 14. Qxd3 O-O 15. Rac1 {½-½ (15) Aasma,J-Nauts,P Huy 1991}) 14. Rab1 Re8 15. b4 a6 16. a4 Rc8 17. Ne5 Nd7 18. Bxe7 Qxe7 19. Nxd7 Qxd7 20. Bxf5 Nxf5 {The position is equal.} 21. Qd3 Nd6 22. b5 axb5 23. axb5 Ra8 24. bxc6 bxc6 25. Ra1 {Accuracy: White = 41%, Black = 62%.} 1/2-1/2

[Event "RUS-ch Women Rapid 2019"]
[Site "Sochi"]
[Date "2019.10.16"]
[Round "8.3"]
[White "Styazhkina, Anna"]
[Black "Charochkina, Daria"]
[Result "1/2-1/2"]
[WhiteElo "2280"]
[BlackElo "2289"]
[Annotator "TA"]
[PlyCount "129"]
[EventDate "2019.10.15"]
[EventType "swiss"]
[EventCountry "RUS"]
[SourceTitle "playchess.com"]
[Source "ChessBase"]
[SourceQuality "1"]

{[%evp 9,129,27,35,40,37,38,61,20,15,-11,35,40,35,-62,14,-47,-6,-49,-43,-148,-127,-313,-301,-297,-290,-250,-174,-177,-164,-187,-150,-149,-154,-146,-152,-269,0,0,0,0,0,0,0,0,0,0,2,0,-8,-62,-58,-61,-58,-56,-58,-55,-45,-101,0,-179,45,-29,-29,-29,0,-6,0,-44,39,0,8,30,33,0,8,-45,0,-8,130,98,108,93,133,62,164,-120,-96,-105,-28,-111,-76,-232,-206,-184,-151,-341,-143,-154,-137,-170,-196,-285,-266,-532,-583,-580,-601,-655,-592,-556,-584,-584,-584,-417,-20,-20,-15,-15,-15,-15,-14,-14]} 1. e4 d5 2. exd5 Qxd5 3. Nc3 Qd6 4. d4 Nf6 5. g3 (5. Nf3 g6 6. Nb5 Qd8 7. c4 c6 8. Nc3 Bg4 9. Be2 Bg7 10. h3 Bxf3 11. Bxf3 Nbd7 12. O-O O-O 13. Re1 {1-0 (41) Caruana,F (2819)-Nakamura,H (2754) Paris 2019}) 5... g6 6. Bg2 {B01: Scandinavian Defence} Bg7 7. Bf4 Qb6 8. Qd2 {White is slightly better.} (8. Nge2 {feels hotter.} c6 9. O-O Nh5 10. Na4 Qa5 11. c3) 8... O-O $146 ({Predecessor:} 8... c6 9. O-O-O O-O 10. h4 h5 11. Nh3 Bg4 12. f3 {½-½ (55) Runic,Z (2424)-Cabarkapa,N (2402) Stari Banovci 2013}) 9. O-O-O Bg4 10. Nge2 Nc6 {[%cal Bb8c6,Bc6a5,Ba5c4][%mdl 32]} 11. f3 (11. h3 $14 Bxe2 12. Qxe2) 11... Bd7 (11... Be6 $15) 12. d5 (12. Be3 $11 Nb4 13. a3) 12... Na5 {White must now prevent ...Nc4!} (12... Nb4 $5 {[%cal Rf6d5]} 13. Be5 Ne4 $1 {[%mdl 512]} 14. fxe4 Bxe5 $11) 13. Be3 Qa6 {And now ...Nc4 would win.} 14. Bd4 (14. Bf1 $15) 14... Nc4 $36 {[%mdl 2048] Black is in control.} 15. Qd3 $2 (15. Qe1 $17) 15... Bf5 16. Ne4 Qxa2 {[%cal Ra2a1]} 17. b3 Nd6 18. N2c3 Qa3+ 19. Kb1 b5 20. Nxb5 Nxb5 21. Qxb5 Rfb8 $1 {[%cal Rb8b5]} 22. Qc4 (22. Bc5 $17 {was the only defense.} Rxb5 23. Bxa3) 22... a5 $2 (22... Rb4 $1 $19 {[%cal Rb4c4]} 23. Qc3 Rxd4 $1 {[%mdl 512]} 24. Rxd4 Nxd5 $1 {[%mdl 576] Pin}) 23. Bb2 $11 Qb4 24. Qxb4 Rxb4 25. Nxf6+ Bxf6 26. Bxf6 exf6 27. Kb2 a4 28. Ra1 Rab8 29. Ra3 (29. Rhd1 $11) 29... Rd4 $15 {...Rd2! is the strong threat.} 30. g4 Bd7 31. Kc3 $1 {[%cal Rc3d4]} Rxd5 32. bxa4 Re8 33. Kb2 (33. Rha1 $15) 33... Rd2 (33... Ra5 $17 34. h4 Bxa4) 34. Bf1 $2 (34. Bh3 $1 $11 {and White stays safe.}) 34... f5 $2 (34... Re1 $19 {aiming for ...Rdd1.} 35. Rd3 Rxd3 36. cxd3 Bxa4) 35. Bc4 (35. Bd3 $1 $14) 35... fxg4 36. fxg4 Bxg4 (36... Rd4 $5 {[%cal Rd4c4]} 37. Bb3 Bxg4 $11) 37. a5 Bf5 38. Bb3 Ree2 (38... Ra8 $15) 39. Rc1 Rxh2 40. a6 {Hoping for Ra4.} Be4 41. a7 {[%mdl 1024] next Ra4 is good for White. White has compensation.} Ba8 42. Re1 (42. Ra4 $11) 42... Kf8 43. Ra4 Rd8 (43... Rhe2 $11 44. Rxe2 Rxe2) 44. Rb4 $16 Rhd2 45. Rb8 h5 46. Ba4 (46. Kc3 $1 $16) 46... Kg7 (46... Bg2 $1 $14) 47. Re8 $2 (47. Re7 $1 $18) 47... Rxe8 $17 48. Rxe8 {[%mdl 4096] Endgame KRB-KRB} Bf3 ({Better is} 48... Bg2 $17 49. Kc3 Rd6) 49. Bb3 (49. Bb5 $1 $11 {keeps the balance.}) 49... f5 50. Re3 $2 (50. Bc4 $17) 50... Bg2 $19 51. Re7+ Kh6 52. Rxc7 $2 (52. Re8 $17) 52... h4 (52... Rd8 $19 {Threatens to win with ...Ra8.} 53. Be6 h4) 53. Rc8 $17 Kg5 54. Rh8 {[#]} Kg4 $1 55. Bf7 (55. Bc4 $142) 55... g5 $19 56. Be6 $2 (56. Bc4) 56... h3 57. a8=Q Bxa8 58. Rxa8 {KRB-KR} h2 59. Rh8 Kf4 60. Rh5 g4 61. Rxf5+ {[#]} Kg3 $2 ({Black should play} 61... Ke3 $1 $19 62. Re5+ {[%mdl 64] Discovered Attack} Kf2 63. Rf5+ Ke1 64. Re5+ {[%mdl 64] Discovered Attack} Kf2 65. Rf5+ Ke2 66. Re5+ {[%mdl 64] Discovered Attack} Kf2) 62. Rh5 $11 {The position is equal.} Rd1 {[#]} 63. Rxh2 $1 {[%mdl 512]} Kxh2 64. Bxg4 Rd4 65. Bf5 {Accuracy: White = 28%, Black = 40%.} 1/2-1/2

[Event "RUS-ch Women Rapid 2019"]
[Site "Sochi"]
[Date "2019.10.16"]
[Round "8.4"]
[White "Goltseva, Ekaterina"]
[Black "Lysenko, Margarita"]
[Result "1-0"]
[WhiteElo "2317"]
[BlackElo "2243"]
[Annotator "NA"]
[PlyCount "81"]
[EventDate "2019.10.15"]
[EventType "swiss"]
[EventCountry "RUS"]
[SourceTitle "playchess.com"]
[Source "ChessBase"]
[SourceQuality "1"]
[TimeControl "900+10"]

1. d4 {[%emt 0:00:00]} Nf6 {[%emt 0:00:00]} 2. c4 {[%emt 0:00:00]} e6 {[%emt 0:00:00]} 3. Nc3 {[%emt 0:00:00]} Bb4 {[%emt 0:00:00]} 4. e3 {[%emt 0:00:00]} O-O {[%emt 0:00:14]} 5. Bd3 {[%emt 0:00:00]} d5 {[%emt 0:00:12]} 6. Nf3 {[%emt 0:00:01]} b6 {[%emt 0:00:35]} 7. cxd5 {[%emt 0:00:03]} exd5 {[%emt 0:00:15]} 8. O-O {[%emt 0:00:02]} Bb7 {[%emt 0:00:20]} 9. Ne5 {[%emt 0:00:08]} Nbd7 {[%emt 0:03:52]} 10. f4 {[%emt 0:00:14]} a6 {[%emt 0:00:34]} 11. Ne2 {[%emt 0:06:26]} Ne4 {[%emt 0:03:18]} 12. Qa4 {[%emt 0:00:37]} Nxe5 {[%emt 0:00:19]} 13. fxe5 {[%emt 0:00:05]} Be7 {[%emt 0:00:50]} 14. Nf4 {[%emt 0:00:27]} c5 {[%emt 0:01:12]} 15. Qd1 {[%emt 0:00:18]} Bg5 {[%emt 0:01:36]} 16. Qg4 {[%emt 0:03:12]} Bh6 {[%emt 0:00:47]} 17. b3 {[%emt 0:02:18]} Rc8 {[%emt 0:00:14]} 18. Ba3 {[%emt 0:00:37]} Kh8 {[%emt 0:02:15]} 19. Rac1 {[%emt 0:00:32]} f5 {[%emt 0:00:35]} 20. exf6 {[%emt 0:01:05]} Nxf6 {[%emt 0:00:14]} 21. Qh3 {[%emt 0:00:43]} Qe7 {[%emt 0:00:26]} 22. Bf5 {[%emt 0:00:52]} Bxf4 {[%emt 0:00:33]} 23. Rxf4 {[%emt 0:00:20]} Rc7 {[%emt 0:00:13]} 24. Rcf1 {[%emt 0:00:41]} Bc8 {[%emt 0:00:02]} 25. dxc5 {[%emt 0:00:06]} bxc5 {[%emt 0:00:06]} 26. Bb2 {[%emt 0:00:07]} Bxf5 {[%emt 0:00:25]} 27. Rxf5 {[%emt 0:00:02]} Rc6 {[%emt 0:00:09]} 28. Re5 {[%emt 0:00:16]} Qd8 {[%emt 0:00:09]} 29. Rg5 {[%emt 0:00:25]} d4 {[%emt 0:00:06]} 30. Rd1 {[%emt 0:00:07]} Qe7 {[%emt 0:00:16]} 31. exd4 {[%emt 0:00:09]} Qe2 {[%emt 0:00:01]} 32. Qf3 {[%emt 0:00:13]} Re6 {[%emt 0:00:18]} 33. Bc3 {[%emt 0:00:12]} Qxa2 {[%emt 0:00:13]} 34. d5 {[%emt 0:00:09]} Re2 {[%emt 0:00:10]} 35. d6 {[%emt 0:00:07]} Qc2 {[%emt 0:00:02]} 36. Rgd5 {[%emt 0:00:13]} Nd7 {[%emt 0:00:15]} 37. Qg3 {[%emt 0:00:04]} Rf7 {[%emt 0:00:04]} 38. R5d3 {[%emt 0:00:16]} Re6 {[%emt 0:00:11]} 39. R3d2 {[%emt 0:00:03]} Qe4 {[%emt 0:00:09]} 40. Rf2 {[%emt 0:00:10]} Rxf2 {[%emt 0:00:16]} 41. Qxg7# {[%emt 0:00:01]} 1-0

[Event "RUS-ch Women Rapid 2019"]
[Site "Sochi"]
[Date "2019.10.16"]
[Round "8.5"]
[White "Guseva, Marina"]
[Black "Ovod, Evgenija"]
[Result "1-0"]
[WhiteElo "2335"]
[BlackElo "2347"]
[Annotator "NA"]
[PlyCount "83"]
[EventDate "2019.10.15"]
[EventType "swiss"]
[EventCountry "RUS"]
[SourceTitle "playchess.com"]
[Source "ChessBase"]
[SourceQuality "1"]
[TimeControl "900+10"]

1. d4 {[%emt 0:00:00]} Nf6 {[%emt 0:00:00]} 2. c4 {[%emt 0:00:00]} e6 {[%emt 0:00:00]} 3. Nc3 {[%emt 0:00:00]} d5 {[%emt 0:00:00]} 4. cxd5 {[%emt 0:00:00]} Nxd5 {[%emt 0:00:00]} 5. e4 {[%emt 0:00:00]} Nxc3 {[%emt 0:00:00]} 6. bxc3 {[%emt 0:00:00]} c5 {[%emt 0:00:00]} 7. a3 {[%emt 0:00:25]} cxd4 {[%emt 0:00:12]} 8. cxd4 {[%emt 0:00:02]} e5 {[%emt 0:00:02]} 9. dxe5 {[%emt 0:00:10]} Qa5+ {[%emt 0:00:41]} 10. Bd2 {[%emt 0:00:03]} Qxe5 {[%emt 0:00:04]} 11. Nf3 {[%emt 0:00:57]} Qxe4+ {[%emt 0:00:32]} 12. Be3 {[%emt 0:00:31]} Bc5 {[%emt 0:02:15]} 13. Rc1 {[%emt 0:00:07]} Nd7 {[%emt 0:01:15]} 14. Rc4 {[%emt 0:00:04]} Qe7 {[%emt 0:04:03]} 15. Qc2 {[%emt 0:00:38]} O-O {[%emt 0:01:21]} 16. Rxc5 {[%emt 0:00:02]} Nxc5 {[%emt 0:00:01]} 17. Qxc5 {[%emt 0:00:01]} Qxc5 {[%emt 0:01:28]} 18. Bxc5 {[%emt 0:00:02]} Re8+ {[%emt 0:00:01]} 19. Be3 {[%emt 0:00:33]} Bd7 {[%emt 0:01:49]} 20. Nd4 {[%emt 0:03:12]} Rac8 {[%emt 0:01:30]} 21. Kd2 {[%emt 0:00:03]} Re5 {[%emt 0:00:02]} 22. Bd3 {[%emt 0:01:00]} Ra5 {[%emt 0:00:21]} 23. Ra1 {[%emt 0:02:04]} b6 {[%emt 0:00:28]} 24. h3 {[%emt 0:02:22]} f5 {[%emt 0:00:23]} 25. Bc2 {[%emt 0:00:54]} g6 {[%emt 0:00:25]} 26. Bb3+ {[%emt 0:00:03]} Kg7 {[%emt 0:00:05]} 27. Bf4 {[%emt 0:01:26]} Kf6 {[%emt 0:00:03]} 28. h4 {[%emt 0:00:27]} Ba4 {[%emt 0:00:25]} 29. Be6 {[%emt 0:00:24]} Re8 {[%emt 0:00:41]} 30. Re1 {[%emt 0:00:07]} a6 {[%emt 0:01:32]} 31. Bc7 {[%emt 0:01:27]} h6 {[%emt 0:00:04]} 32. f4 {[%emt 0:00:33]} Bb5 {[%emt 0:00:02]} 33. Be5+ {[%emt 0:00:11]} Ke7 {[%emt 0:00:01]} 34. Rc1 {[%emt 0:00:12]} Bd7 {[%emt 0:00:36]} 35. Rc7 {[%emt 0:00:03]} Rd8 {[%emt 0:00:06]} 36. Nc6+ {[%emt 0:00:11]} Kxe6 {[%emt 0:00:01]} 37. Nxd8+ {[%emt 0:00:01]} Kd5 {[%emt 0:00:02]} 38. Rxd7+ {[%emt 0:00:02]} Kc4 {[%emt 0:00:05]} 39. Rd3 {[%emt 0:00:16]} b5 {[%emt 0:00:22]} 40. Nb7 {[%emt 0:00:27]} Ra4 {[%emt 0:00:03]} 41. Rd4+ {[%emt 0:00:03]} Kb3 {[%emt 0:00:01]} 42. Nc5+ {[%emt 0:00:01]} 1-0